Does the Tax Relief for Homeownership Have Effect on Household Mortgage Leverage?

Analýza vzťahu medzi daňovou úľavou pre majiteľov domov a dlhom hypotéky pre domácnosti. Premenná zachycujúca odpočítateľnosť hypotekárnych úrokových platieb. Obdobie 2004 - 2013 a údaje o bývalých 15 členských krajinách EÚ (okrem Grécka). Dva modely pre dvoch reprezentatívnych daňových poplatníkov.

Na minha lista:
Detalhes bibliográficos
Autor principal: Slintáková, Barbora
Outros Autores: Klazar, Stanislav
Formato: Capítulo de Livro
Idioma:inglês
Assuntos:
Tags: Adicionar Tag
Sem tags, seja o primeiro a adicionar uma tag!

MARC

LEADER 00000naa a2200000 4500
001 0242773
005 20220719115440.3
041 0 |a eng 
044 |a CZ 
245 1 0 |a Does the Tax Relief for Homeownership Have Effect on Household Mortgage Leverage?  |c Barbora Slintáková, Stanislav Klazar 
520 |a Analýza vzťahu medzi daňovou úľavou pre majiteľov domov a dlhom hypotéky pre domácnosti. Premenná zachycujúca odpočítateľnosť hypotekárnych úrokových platieb. Obdobie 2004 - 2013 a údaje o bývalých 15 členských krajinách EÚ (okrem Grécka). Dva modely pre dvoch reprezentatívnych daňových poplatníkov. 
610 2 0 |a Európska únia 
610 2 0 |a Európsky ekonomický priestor 
610 2 0 |a eurohypotéky 
610 2 0 |a hypotéky 
610 2 0 |a zadlženosť vnútorná 
610 2 0 |a domácnosti 
610 2 0 |a úľavy daňové 
100 1 |a Slintáková, Barbora 
700 1 |a Klazar, Stanislav